[Event "XLI Barbera del Valles Open 2018"]
[Site "Barbera del Valles"]
[Date "2018.07.05"]
[Round "2"]
[White "Frayna, Janelle Mae"]
[Black "Manolache, Marius"]
[Result "1-0"]
[WhiteElo "2315"]
[BlackElo "2494"]
[Annotator "ChessBase"]
[PlyCount "147"]
[EventDate "2018.07.04"]
[EventType "swiss"]
[EventCountry "ESP"]
[SourceTitle "playchess.com"]
[Source "ChessBase"]
[SourceQuality "1"]
[TimeControl "5400+30"]

1. Nf3 {[%emt 0:00:00]} d6 {[%emt 0:00:00]} 2. c4 {[%emt 0:00:22]} g6 {[%emt 0:00:19]} 3. Nc3 {[%emt 0:00:53]} Bg7 {[%emt 0:00:09]} 4. d4 {[%emt 0:00:13]} Nf6 {[%emt 0:00:35]} 5. g3 {[%emt 0:00:13]} c6 {[%emt 0:00:24]} 6. Bg2 {[%emt 0:00:24]} a6 {[%emt 0:00:08]} 7. O-O {[%emt 0:01:48]} b5 {[%emt 0:00:07]} 8. b3 {[%emt 0:04:36]} O-O {[%emt 0:03:38]} 9. Bb2 {[%emt 0:10:04]} Ra7 {[%emt 0:03:01]} 10. c5 {[%emt 0:03:30]} dxc5 11. dxc5 {[%emt 0:00:04]} Ne4 {[%emt 0:14:18]} 12. Qc2 {[%emt 0:03:40]} Bf5 {[%emt 0:20:56]} 13. Nxe4 {[%emt 0:12:52]} Bxe4 {[%emt 0:00:06]} 14. Qxe4 {[%emt 0:00:22]} Bxb2 {[%emt 0:00:06]} 15. Rab1 {[%emt 0:10:13]} Bg7 {[%emt 0:03:11]} 16. Rfd1 {[%emt 0:07:06]} Rd7 {[%emt 0:00:12]} 17. Rxd7 {[%emt 0:04:20]} Qxd7 {[%emt 0:00:06]} 18. a4 {[%emt 0:00:07]} Rc8 {[%emt 0:06:12]} 19. h4 {[%emt 0:01:04]} Qa7 {[%emt 0:01:11]} 20. Rc1 {[%emt 0:08:06]} Rd8 {[%emt 0:00:54]} 21. Ne5 {[%emt 0:01:06]} Bxe5 {[%emt 0:16:18]} 22. Qxe5 {[%emt 0:00:03]} Qd7 {[%emt 0:00:36]} 23. h5 {[%emt 0:02:37]} f6 {[%emt 0:02:00]} 24. Qe4 {[%emt 0:02:53]} Kf7 {[%emt 0:00:39]} 25. axb5 {[%emt 0:04:43]} axb5 {[%emt 0:00:06]} 26. Ra1 {[%emt 0:03:24]} Qd4 {[%emt 0:01:08]} 27. Qxd4 {[%emt 0:01:54]} Rxd4 {[%emt 0:00:06]} 28. Ra8 {[%emt 0:00:01]} Rd1+ {[%emt 0:00:30]} 29. Kh2 {[%emt 0:02:17]} Rd8 {[%emt 0:00:06]} 30. f4 {[%emt 0:02:19]} gxh5 {[%emt 0:02:30]} 31. Kh3 {[%emt 0:00:57]} b4 {[%emt 0:06:08]} 32. Kh4 {[%emt 0:02:01]} Rf8 {[%emt 0:05:27]} 33. Ra4 {[%emt 0:01:29]} Nd7 {[%emt 0:00:34]} 34. Bxc6 {[%emt 0:02:29]} Nxc5 {[%emt 0:00:06]} 35. Rxb4 {[%emt 0:00:01]} Rc8 {[%emt 0:05:14]} 36. Bf3 {[%emt 0:00:44]} Rd8 {[%emt 0:02:40]} 37. Rb5 {[%emt 0:01:55]} Na6 {[%emt 0:01:15]} 38. Bxh5+ {[%emt 0:01:52]} Kf8 {[%emt 0:00:17]} 39. Rb6 {[%emt 0:01:23]} Nc7 {[%emt 0:00:22]} 40. Bf3 {[%emt 0:01:05]} Nd5 {[%emt 0:00:04]} 41. Rb5 {[%emt 0:01:09]} Ne3 {[%emt 0:00:13]} 42. g4 {[%emt 0:02:17]} Nc2 {[%emt 0:00:28]} 43. Rd5 {[%emt 0:01:18]} Rb8 {[%emt 0:00:20]} 44. Be4 {[%emt 0:01:03]} Na1 {[%emt 0:00:59]} 45. Rd1 {[%emt 0:00:27]} Nxb3 {[%emt 0:00:17]} 46. Rb1 {[%emt 0:00:25]} Rb5 {[%emt 0:01:32]} 47. Bd3 {[%emt 0:00:48]} Rb7 {[%emt 0:00:07]} 48. Be4 {[%emt 0:00:26]} Rb5 {[%emt 0:00:19]} 49. e3 {[%emt 0:00:17]} e5 {[%emt 0:00:05]} 50. f5 {[%emt 0:00:43]} Nd2 {[%emt 0:02:42]} 51. Rxb5 {[%emt 0:00:09]} Nxe4 {[%emt 0:00:07]} 52. Rb7 {[%emt 0:00:27]} Kg8 {[%emt 0:00:44]} 53. Kh5 {[%emt 0:00:22]} Ng3+ {[%emt 0:00:08]} 54. Kh6 {[%emt 0:00:29]} Nf1 {[%emt 0:00:06]} 55. Rb8+ {[%emt 0:00:16]} Kf7 {[%emt 0:00:07]} 56. Rb7+ {[%emt 0:00:01]} Kg8 {[%emt 0:00:06]} 57. Rb3 {[%emt 0:01:22]} e4 {[%emt 0:00:25]} 58. Rb4 {[%emt 0:00:35]} Nxe3 {[%emt 0:00:30]} 59. Rxe4 {[%emt 0:00:12]} Nd5 {[%emt 0:00:05]} 60. Re8+ {[%emt 0:00:18]} Kf7 {[%emt 0:00:04]} 61. Rh8 {[%emt 0:00:20]} Ne3 {[%emt 0:00:11]} 62. Rxh7+ {[%emt 0:00:14]} Kg8 {[%emt 0:00:05]} 63. Ra7 {[%emt 0:01:29]} Nxg4+ {[%emt 0:00:06]} 64. Kg6 {[%emt 0:00:02]} Kf8 {[%emt 0:00:05]} 65. Ra4 {[%emt 0:00:15]} Ne5+ {[%emt 0:00:13]} 66. Kxf6 {[%emt 0:00:01]} Nd7+ {[%emt 0:00:05]} 67. Kg5 {[%emt 0:00:11]} Ne5 {[%emt 0:00:17]} 68. Ra7 {[%emt 0:00:14]} Nc6 {[%emt 0:01:37]} 69. Rc7 {[%emt 0:00:22]} Nb4 {[%emt 0:00:07]} 70. Kg6 {[%emt 0:00:17]} Nd5 {[%emt 0:00:06]} 71. Rf7+ {[%emt 0:00:15]} Ke8 {[%emt 0:00:08]} 72. Ra7 {[%emt 0:00:06]} Nf4+ {[%emt 0:00:32]} 73. Kf6 {[%emt 0:00:19]} Nd5+ {[%emt 0:00:20]} 74. Ke5 {[%emt 0:00:18]} 1-0

[Event "XLI Barbera del Valles Open 2018"]
[Site "Barbera del Valles"]
[Date "2018.07.05"]
[Round "2"]
[White "Herrera Reyes, Jose Antonio"]
[Black "Oliva Castaneda, Kevel"]
[Result "0-1"]
[WhiteElo "2311"]
[BlackElo "2491"]
[Annotator "TA"]
[PlyCount "100"]
[EventDate "2018.07.04"]
[EventType "swiss"]
[EventCountry "ESP"]
[SourceTitle "playchess.com"]
[Source "ChessBase"]
[SourceQuality "1"]

{[%evp 9,100,0,0,-15,0,6,35,26,29,33,32,0,37,-26,15,0,0,0,0,-10,-6,-25,-18,-35,-34,-40,-42,-49,-54,-37,-50,-94,-94,-136,-94,-89,-89,-150,-134,-137,-132,-211,-174,-295,-295,-296,-297,-291,-298,-297,-292,-277,-269,-267,-250,-226,-215,-443,-435,-437,-432,-416,-387,-362,-360,-526,-525,-518,-493,-864,-862,-811,-810,-1119,-1047,-1988,-939,-1551,-230,-1161,-1134,-1732,-1638,-1752,-1614,-29972,-29971,-29988,-29989,-29989,-29990,-29993,-29990]} 1. Nf3 c5 2. g3 g6 3. Bg2 Bg7 4. d3 (4. O-O Nc6 5. e4 d6 6. d3 e5 7. c3 Nge7 8. a3 O-O 9. b4 a6 10. Nbd2 Be6 11. Ng5 Bd7 12. Nc4 h6 13. Nxd6 hxg5 14. Nxb7 Qc8 15. Nxc5 g4 16. Bg5 Re8 17. Qb3 Nd8 {0-1 (47) Petrosian,T (2601)-Carlsen,M (2837) Riadh 2017}) 4... Nc6 5. c3 d5 {LiveBook: 3 Games} 6. a3 $146 {A04: Unusual lines after 1 Nf3 and King's Indian Attack} ({Predecessor:} 6. O-O e6 7. e4 Nge7 8. Be3 d4 9. cxd4 cxd4 10. Bd2 a5 11. a4 O-O 12. Na3 e5 13. Nc4 h6 14. Rc1 Be6 15. h4 Nc8 {1-0 (49) Kozul,Z (2619)-Brkic,A (2577) Split 2016}) 6... a5 7. a4 e6 8. Na3 {White is slightly better.} Nge7 9. h4 h6 10. O-O b6 11. Qb3 ({White should play} 11. e4 $14) 11... Ba6 12. Rd1 O-O 13. e4 Ra7 14. Nb5 Rd7 {...dxe4 is the strong threat.} 15. exd5 Nxd5 16. d4 cxd4 17. Nbxd4 Nxd4 18. Nxd4 Qc8 19. Nb5 Rfd8 20. Bd2 Bb7 21. c4 Ne7 {[%cal Bd5e7,Be7f5,Bf5e3][%mdl 32]} 22. Bxb7 Qxb7 23. Bf4 {[#]} (23. Be1 $142) 23... e5 $1 $17 {[%cal Re5f4]} 24. Be3 Nf5 25. Rxd7 (25. Rd5 $17) 25... Rxd7 $40 {[%mdl 128] Black goes for the king.} 26. Rd1 (26. Re1 $142) 26... Nxe3 27. fxe3 {[#]} Qf3 $1 28. Rxd7 {And now Rd8+ would win.} Qxg3+ 29. Kf1 Qh3+ 30. Ke2 {Strongly threatening Rd5.} Qxd7 31. Nc3 Qg4+ 32. Kd3 Qf5+ 33. e4 $2 (33. Ke2) 33... Qf3+ 34. Kc2 Qf2+ 35. Kb1 Bf8 36. Qb5 h5 37. Nd5 (37. Ka2 {is a better defense.} Bc5 38. Qe8+ Kg7 39. Qxe5+ Qf6 40. Qg3) 37... Bc5 38. Qe8+ Kh7 39. Ka2 (39. Nc3 $142 Bd4 40. Qf8) 39... Bd4 {[%csl Gd4][%cal Rf2b2]} 40. Qb5 Kg7 41. Ka1 Qxh4 42. Nxb6 Qe1+ 43. Ka2 Qb4 $2 (43... h4 44. Nd7 h3 45. Nxe5 Qf2) 44. Nd7 $2 (44. Qxb4 axb4 45. Nd7) 44... Qd6 45. c5 Qe6+ 46. Ka3 h4 {[%cal Bh5h4,Bh4h3,Bh3h2][%mdl 32]} 47. c6 h3 {Black mates.} 48. Qb8 Qe7+ 49. Ka2 h2 50. Nb6 Bxb6 {Precision: White = 34%, Black = 73%.} 0-1

[Event "XLI Barbera del Valles Open 2018"]
[Site "Barbera del Valles"]
[Date "2018.07.05"]
[Round "2"]
[White "Mitrabha, Guha"]
[Black "Aguero Jimenez, Luis Lazaro"]
[Result "1/2-1/2"]
[WhiteElo "2299"]
[BlackElo "2473"]
[Annotator "ChessBase"]
[PlyCount "112"]
[EventDate "2018.07.04"]
[EventType "swiss"]
[EventCountry "ESP"]
[SourceTitle "playchess.com"]
[Source "ChessBase"]
[SourceQuality "1"]
[TimeControl "5400+30"]

1. d4 {[%emt 0:00:00]} d5 {[%emt 0:00:00]} 2. Nf3 {[%emt 0:00:00]} Nf6 {[%emt 0:00:00]} 3. Bf4 {[%emt 0:00:01]} Bf5 {[%emt 0:00:00]} 4. c4 {[%emt 0:00:35]} e6 {[%emt 0:00:25]} 5. Nc3 {[%emt 0:00:14]} Bb4 {[%emt 0:04:58]} 6. e3 {[%emt 0:00:37]} c5 {[%emt 0:03:36]} 7. Bxb8 {[%emt 0:12:39]} Rxb8 {[%emt 0:02:06]} 8. Qa4+ {[%emt 0:00:09]} Qd7 {[%emt 0:00:52]} 9. Qxd7+ {[%emt 0:00:12]} Kxd7 {[%emt 0:00:24]} 10. a3 {[%emt 0:01:45]} Ba5 {[%emt 0:01:19]} 11. Rc1 {[%emt 0:01:45]} Rhc8 {[%emt 0:06:43]} 12. dxc5 {[%emt 0:01:49]} dxc4 {[%emt 0:03:32]} 13. Bxc4 {[%emt 0:01:11]} b5 {[%emt 0:02:42]} 14. cxb6 {[%emt 0:00:37]} Bxc3+ {[%emt 0:07:47]} 15. Rxc3 {[%emt 0:00:02]} Rxb6 {[%emt 0:00:12]} 16. O-O {[%emt 0:03:51]} Rxb2 {[%emt 0:01:10]} 17. Rfc1 {[%emt 0:00:02]} Ke7 {[%emt 0:01:04]} 18. Nd4 {[%emt 0:02:11]} Nd5 {[%emt 0:14:43]} 19. Nxf5+ {[%emt 0:00:59]} exf5 {[%emt 0:00:07]} 20. R3c2 {[%emt 0:00:13]} Rxc2 {[%emt 0:02:33]} 21. Rxc2 {[%emt 0:00:01]} Nb6 {[%emt 0:00:11]} 22. Bb3 {[%emt 0:00:10]} Rxc2 {[%emt 0:00:05]} 23. Bxc2 {[%emt 0:00:02]} Nc4 {[%emt 0:02:20]} 24. a4 {[%emt 0:00:11]} Kd6 {[%emt 0:02:18]} 25. Bxf5 {[%emt 0:01:17]} g6 {[%emt 0:00:20]} 26. Bc2 {[%emt 0:00:10]} Kc5 {[%emt 0:00:05]} 27. g4 {[%emt 0:00:13]} Kb4 {[%emt 0:02:22]} 28. g5 {[%emt 0:01:18]} Nb6 {[%emt 0:01:50]} 29. a5 {[%emt 0:05:35]} Kxa5 {[%emt 0:00:38]} 30. Bb3 {[%emt 0:00:01]} Kb4 {[%emt 0:00:23]} 31. Bxf7 {[%emt 0:00:01]} a5 32. Kf1 {[%emt 0:04:04]} a4 {[%emt 0:03:37]} 33. Ke2 {[%emt 0:00:04]} Kc3 {[%emt 0:00:03]} 34. Kd1 {[%emt 0:01:32]} Kb2 35. e4 {[%emt 0:01:43]} a3 {[%emt 0:01:37]} 36. f4 Na4 {[%emt 0:06:01]} 37. Kd2 {[%emt 0:02:31]} Nc5 {[%emt 0:00:20]} 38. e5 {[%emt 0:00:01]} a2 {[%emt 0:27:08]} 39. Bxa2 {[%emt 0:00:03]} Kxa2 {[%emt 0:00:03]} 40. Ke3 {[%emt 0:00:22]} Kb3 {[%emt 0:03:53]} 41. Kd4 {[%emt 0:00:01]} Ne6+ {[%emt 0:00:11]} 42. Kd5 Nxf4+ {[%emt 0:00:05]} 43. Kd6 {[%emt 0:00:04]} Kc4 {[%emt 0:01:08]} 44. e6 {[%emt 0:00:01]} Nh5 {[%emt 0:00:04]} 45. e7 {[%emt 0:00:53]} Ng7 {[%emt 0:00:04]} 46. Ke5 {[%emt 0:00:04]} Kd3 {[%emt 0:03:01]} 47. h4 {[%emt 0:03:05]} Ne8 {[%emt 0:00:41]} 48. Ke6 {[%emt 0:00:44]} Ke4 {[%emt 0:00:07]} 49. Kf7 {[%emt 0:00:05]} Nd6+ {[%emt 0:00:54]} 50. Kg8 {[%emt 0:00:26]} Kf5 {[%emt 0:00:10]} 51. Kxh7 {[%emt 0:00:05]} Ke6 {[%emt 0:00:41]} 52. e8=Q+ {[%emt 0:01:24]} Nxe8 {[%emt 0:00:03]} 53. Kxg6 {[%emt 0:00:10]} Nd6 {[%emt 0:01:06]} 54. h5 {[%emt 0:00:04]} Nf7 {[%emt 0:00:18]} 55. h6 {[%emt 0:00:53]} Nxg5 {[%emt 0:00:08]} 56. Kxg5 Ke5 1/2-1/2

[Event "XLI Barbera del Valles Open 2018"]
[Site "Barbera del Valles"]
[Date "2018.07.06"]
[Round "3"]
[White "Ortiz Suarez, Isan Reynaldo"]
[Black "Mohammad Nubairshah Shaikh"]
[Result "1-0"]
[WhiteElo "2548"]
[BlackElo "2441"]
[Annotator "TA"]
[PlyCount "125"]
[EventDate "2018.07.04"]
[EventType "swiss"]
[EventCountry "ESP"]
[SourceTitle "playchess.com"]
[Source "ChessBase"]
[SourceQuality "1"]

{[%evp 17,125,14,35,28,19,31,31,33,23,19,22,23,31,31,21,25,29,35,37,7,17,13,22,1,11,14,5,8,18,6,14,-41,-23,-92,-93,-108,-96,-128,-139,-139,-145,-138,-138,-145,0,-83,0,-141,-141,-151,-160,-140,-17,-12,-11,-48,-36,-44,-42,-108,0,-163,-156,-158,-133,-129,149,140,141,156,156,156,215,206,362,360,361,343,343,336,471,460,447,433,519,489,491,508,487,430,409,402,451,448,415,414,649,662,643,627,904,840,768,764,5932,5894,5582,5558,29982,29983]} 1. e4 c6 2. d4 d5 3. e5 c5 4. dxc5 e6 5. a3 (5. Nf3 Bxc5 6. Bd3 Ne7 7. O-O Ng6 8. a3 O-O 9. Nbd2 Nc6 10. b4 Bb6 11. Bb2 Nf4 12. Nb3 a5 13. Qd2 Nxd3 14. cxd3 {½-½ (38) Vitiugov,N (2735)-Anand,V (2776) Karlsruhe/Baden-Baden 2018}) 5... Nc6 6. Nf3 {B12: Caro-Kann: Advance Variation} Bxc5 7. b4 Bb6 8. Bb2 f6 9. Bd3 fxe5 $1 {LiveBook: 8 Games} 10. O-O Nf6 {aiming for ...e4.} 11. Nxe5 O-O 12. Nd2 a5 13. b5 $146 Nxe5 14. Bxe5 Qe7 15. c4 Bd7 16. a4 Rac8 17. Rc1 Be8 18. Nb3 Nd7 19. Bg3 Qb4 20. cxd5 Rxc1 21. Nxc1 exd5 22. Bc2 Bf7 23. Nd3 Qd4 24. Bb3 (24. Re1 $11) 24... Rc8 $15 25. Nf4 (25. Bc2 $11) 25... Qxd1 $1 $17 26. Bxd1 Nf6 27. Bf3 Rc4 28. Bd1 Rc3 29. Ne2 Rd3 $1 30. Nc1 Rc3 (30... Ra3 $142 $1 31. Bd6 Ra1) 31. Ne2 Rd3 (31... Rc8 $142) 32. Nc1 $1 {[%cal Rc1d3]} Ra3 $1 33. Bd6 Ra1 34. Bc2 Ng4 ({Black should try} 34... Ne4 $17 35. Bf4 Nc3) 35. Nd3 $11 Ra2 36. Bd1 Bg6 37. Nc5 Nf6 38. Bb3 (38. h3 $15) 38... Ra3 ({Better is} 38... Bxc5 $1 $17 39. Bxc5 Rb2) 39. Bd1 $2 (39. Nd7 $1 $11 {and White stays safe.} Bxf2+ 40. Rxf2 Rxb3 41. Nxf6+ gxf6 42. Rxf6) 39... Rc3 $1 $19 40. Nxb7 {[#]} Bd3 $1 41. Be5 {[#]} Rc1 $2 {[%mdl 8192] [#]} (41... Ra3 $1 $17 {keeps the pressure on.} 42. Bd6 Ra2) 42. Be2 $1 $16 {[%mdl 512]} Rxf1+ (42... Bxe2 43. Rxc1) 43. Kxf1 Bc2 44. Bc3 d4 (44... Kf7 $16 45. Bxa5 Bxa5) 45. Bc4+ Kf8 $2 (45... Kh8 {was necessary.} 46. Bxa5 d3) 46. Bxa5 $18 Bxa5 47. Nxa5 Bxa4 {[%mdl 4096] Endgame KBN-KBN} 48. Ke2 Bc2 (48... Ke7 $142 49. Kd3 Bd1 50. Kxd4 Kd6) 49. b6 Nd7 50. b7 Nb8 51. Bd5 Ba4 52. Kd3 Ke7 53. Kxd4 Kd6 54. Be4 h6 55. Nc4+ Kc7 56. Ne3 Bc6 (56... Nc6+ $142 57. Kc5 Nd8) 57. Nf5 Kxb7 58. Nxg7 Nd7 59. Nf5 h5 60. Nd6+ Kb6 61. Nc4+ Kc7 62. Bxc6 Kxc6 63. Ne5+ {Precision: White = 67%, Black = 61%.} 1-0

[Event "XLI Barbera del Valles Open 2018"]
[Site "Barbera del Valles"]
[Date "2018.07.06"]
[Round "3"]
[White "Martinez Alcantara, Jose Eduardo"]
[Black "Raghunandan, Kaumandur Srihari"]
[Result "1-0"]
[WhiteElo "2545"]
[BlackElo "2417"]
[Annotator "TA"]
[PlyCount "95"]
[EventDate "2018.07.04"]
[EventType "swiss"]
[EventCountry "ESP"]
[SourceTitle "playchess.com"]
[Source "ChessBase"]
[SourceQuality "1"]

{[%evp 19,95,0,0,0,0,-8,-4,-4,-4,-7,-2,-15,-10,-15,-8,-8,-14,-6,-14,-39,190,174,192,192,189,191,193,192,181,182,149,185,173,147,133,145,142,142,142,142,138,139,158,150,115,103,110,79,502,500,459,429,502,489,485,463,433,200,200,166,193,177,200,200,200,195,195,195,600,592,584,584,658,647,1040,1040,864,853]} 1. e4 c5 2. Nf3 d6 3. Bb5+ Nd7 4. O-O a6 5. Bd3 Ngf6 6. Re1 {B51: Sicilian: Moscow Variation (3 Bb5+) without 3...Bd7} e6 7. c3 b5 8. Bc2 c4 9. a4 Bb7 10. axb5 axb5 {LiveBook: 18 Games} 11. Rxa8 Qxa8 12. Na3 Bxe4 13. Bxe4 Nxe4 {[#]} 14. d3 $146 cxd3 15. Qxd3 d5 16. Nxb5 Qb7 17. b4 Be7 18. Bg5 Nxg5 19. Nxg5 Qb6 $2 {[#]} (19... g6 $1 $15 {keeps the upper hand.}) 20. Nxe6 $1 $18 {[%mdl 512]} fxe6 {[#]} 21. Rxe6 $1 {[%mdl 512]} Qxe6 22. Nc7+ Kf7 23. Nxe6 Kxe6 24. Qh3+ Kd6 25. Qg3+ $1 {[%mdl 1024] White has strong compensation.} Ke6 26. Qg4+ Kd6 27. Qxg7 Bf6 {[#]} 28. Qh6 $1 Re8 {[%cal Re8e1]} 29. g4 {g5 is the strong threat.} Re6 30. Qf4+ Be5 31. Qd2 {Black must now prevent f4.} Nb6 32. f4 {[%cal Bf2f4,Bf4f5,Bf5f6][%mdl 32]} Bg7 33. Qf2 d4 $2 {[%mdl 8192]} (33... Nd7 $16 {is tougher.}) 34. f5 Re4 35. f6 Rxg4+ {[#]} 36. Kh1 $1 Bh6 37. Qf5 Rg5 38. Qxh7 (38. Qf4+ $142 Ke6 39. Qe4+ (39. Qxd4 Nd7 $18) 39... Re5 40. Qc6+ (40. Qxd4 Nd5 $16) 40... Kf5 41. Qxb6 (41. cxd4 Re1+ 42. Kg2 Re2+ 43. Kf1 Re6 $16) 41... dxc3 42. f7) 38... Bf8 39. Qh8 Nd7 40. Qh4 ({Don't take} 40. cxd4 $6 Rf5 $16) 40... Rd5 {Threatening ...d3.} 41. c4 {[%cal Bc3c4,Bc4c5][%mdl 32]} Rf5 42. Qxd4+ Ke6 43. Qe4+ Kxf6 $2 (43... Ne5 44. Qa8 Bh6 45. Qe8+ Kxf6 46. Qd8+ Kf7 47. Qd5+ Kf6 48. Qd6+ Kg7) 44. Qc6+ {White is clearly winning.} Ke7 45. c5 Rf1+ 46. Kg2 Rf6 47. Qb7 Rg6+ 48. Kh1 {Precision: White = 81%, Black = 47%.} 1-0

[Event "XLI Barbera del Valles Open 2018"]
[Site "Barbera del Valles"]
[Date "2018.07.06"]
[Round "3"]
[White "Asis, Tommy"]
[Black "Frayna, Janelle Mae"]
[Result "1-0"]
[WhiteElo "2538"]
[BlackElo "2315"]
[Annotator "ChessBase"]
[PlyCount "77"]
[EventDate "2018.07.04"]
[EventType "swiss"]
[EventCountry "ESP"]
[SourceTitle "playchess.com"]
[Source "ChessBase"]
[SourceQuality "1"]
[TimeControl "5400+30"]

1. e4 c6 2. d4 d5 3. e5 c5 4. dxc5 e6 5. a3 Nc6 6. Nf3 Bxc5 7. b4 Bb6 8. Bb2 Nge7 9. Bd3 Ng6 10. O-O Nf4 11. c4 O-O 12. Re1 a6 13. Bf1 dxc4 14. Nbd2 Nd3 15. Bxd3 Qxd3 16. Qc1 Nd4 17. Nxd4 Bxd4 18. Bxd4 Qxd4 19. Nxc4 b5 20. Nd6 Qb6 21. Ra2 Bb7 22. Rc2 Bd5 23. Rc5 f6 24. Qd2 Kh8 25. Rxd5 exd5 26. Qxd5 Qc7 27. e6 Qe7 28. Nf5 Qd8 29. Qxd8 Rfxd8 30. e7 Re8 31. Nd6 h5 32. f4 f5 33. Kf2 Kh7 34. Kg3 g6 35. Kh4 Rab8 36. Kg5 Kg7 37. Re6 Kh7 38. Nxe8 Rxe8 39. Kf6 1-0

[Event "XLI Barbera del Valles Open 2018"]
[Site "Barbera del Valles"]
[Date "2018.07.06"]
[Round "3"]
[White "Karthik Venkataraman"]
[Black "Alonso Moyano, Jonathan"]
[Result "1/2-1/2"]
[WhiteElo "2514"]
[BlackElo "2400"]
[Annotator "ChessBase"]
[PlyCount "75"]
[EventDate "2018.07.04"]
[EventType "swiss"]
[EventCountry "ESP"]
[SourceTitle "playchess.com"]
[Source "ChessBase"]
[SourceQuality "1"]
[TimeControl "5400+30"]

1. e4 {[%emt 0:00:00]} c5 {[%emt 0:00:00]} 2. Nf3 d6 {[%emt 0:00:00]} 3. Nc3 {[%emt 0:00:00]} Nf6 {[%emt 0:00:00]} 4. d4 {[%emt 0:00:00]} cxd4 {[%emt 0:00:00]} 5. Nxd4 {[%emt 0:00:00]} a6 {[%emt 0:00:08]} 6. Bg5 {[%emt 0:00:00]} Nbd7 {[%emt 0:00:09]} 7. Bc4 {[%emt 0:00:03]} g6 8. Qd2 h6 {[%emt 0:01:37]} 9. Bxf6 {[%emt 0:07:47]} Nxf6 {[%emt 0:04:03]} 10. f4 {[%emt 0:05:06]} Bg7 11. O-O-O {[%emt 0:02:07]} Qc7 {[%emt 0:15:14]} 12. Bb3 {[%emt 0:02:33]} Bg4 {[%emt 0:04:24]} 13. Rde1 {[%emt 0:06:00]} e5 {[%emt 0:26:21]} 14. h3 exd4 15. Nd5 {[%emt 0:03:03]} Nxd5 {[%emt 0:00:39]} 16. exd5+ {[%emt 0:00:03]} Kd7 {[%emt 0:01:08]} 17. hxg4 {[%emt 0:02:46]} Rae8 {[%emt 0:01:06]} 18. a4 {[%emt 0:00:07]} Rxe1+ {[%emt 0:05:33]} 19. Rxe1 {[%emt 0:02:52]} Re8 20. a5 {[%emt 0:00:04]} Rxe1+ {[%emt 0:00:24]} 21. Qxe1 Kd8 {[%emt 0:00:04]} 22. Ba4 {[%emt 0:05:03]} Qe7 23. Qxe7+ {[%emt 0:00:21]} Kxe7 {[%emt 0:00:34]} 24. Kd2 g5 {[%emt 0:06:52]} 25. fxg5 {[%emt 0:02:07]} hxg5 26. b4 {[%emt 0:00:00]} Kd8 {[%emt 0:02:40]} 27. Kd3 {[%emt 0:00:35]} Be5 {[%emt 0:05:57]} 28. Kc4 {[%emt 0:00:21]} Kc7 {[%emt 0:00:13]} 29. Be8 {[%emt 0:00:45]} f6 {[%emt 0:07:00]} 30. Ba4 b6 31. Bc6 {[%emt 0:00:39]} bxa5 {[%emt 0:00:49]} 32. bxa5 Bf4 {[%emt 0:02:17]} 33. Kxd4 {[%emt 0:00:13]} Bd2 {[%emt 0:00:03]} 34. c3 {[%emt 0:00:06]} Be1 {[%emt 0:00:06]} 35. Ba4 {[%emt 0:01:14]} Kb7 {[%emt 0:02:58]} 36. Bd1 {[%emt 0:00:11]} Kc7 {[%emt 0:00:05]} 37. Be2 {[%emt 0:00:08]} Kb7 38. Bd3 1/2-1/2

[Event "XLI Barbera del Valles Open 2018"]
[Site "Barbera del Valles"]
[Date "2018.07.06"]
[Round "3"]
[White "Oliva Castaneda, Kevel"]
[Black "Perez Mitjans, Orelvis"]
[Result "1/2-1/2"]
[WhiteElo "2491"]
[BlackElo "2399"]
[Annotator "ChessBase"]
[PlyCount "33"]
[EventDate "2018.07.04"]
[EventType "swiss"]
[EventCountry "ESP"]
[SourceTitle "playchess.com"]
[Source "ChessBase"]
[SourceQuality "1"]
[TimeControl "5400+30"]

1. d4 {[%emt 0:00:00]} Nf6 {[%emt 0:07:47]} 2. c4 g6 {[%emt 0:00:06]} 3. Nc3 {[%emt 0:00:15]} Bg7 4. e4 d6 {[%emt 0:00:08]} 5. Be2 {[%emt 0:00:14]} O-O {[%emt 0:00:08]} 6. Be3 {[%emt 0:00:00]} e5 {[%emt 0:02:10]} 7. d5 {[%emt 0:00:15]} Ne8 8. g4 f5 {[%emt 0:01:27]} 9. gxf5 {[%emt 0:00:37]} gxf5 {[%emt 0:00:00]} 10. exf5 {[%emt 0:02:16]} Bxf5 {[%emt 0:02:05]} 11. Nf3 {[%emt 0:01:56]} Nd7 {[%emt 0:02:29]} 12. Rg1 {[%emt 0:14:01]} Kh8 {[%emt 0:12:08]} 13. Bg5 {[%emt 0:04:55]} Bf6 {[%emt 0:01:43]} 14. Qd2 {[%emt 0:04:26]} Nc5 {[%emt 0:05:34]} 15. Qe3 {[%emt 0:08:56]} Bxg5 {[%emt 0:15:53]} 16. Nxg5 {[%emt 0:05:25]} a5 17. O-O-O 1/2-1/2

[Event "XLI Barbera del Valles Open 2018"]
[Site "Barbera del Valles"]
[Date "2018.07.06"]
[Round "3"]
[White "Iniyan, P."]
[Black "Kumar, Gaurav"]
[Result "1-0"]
[WhiteElo "2451"]
[BlackElo "2074"]
[Annotator "ChessBase"]
[PlyCount "61"]
[EventDate "2018.07.04"]
[EventType "swiss"]
[EventCountry "ESP"]
[SourceTitle "playchess.com"]
[Source "ChessBase"]
[SourceQuality "1"]
[TimeControl "5400+30"]

1. d4 {[%emt 0:00:00]} Nf6 {[%emt 0:00:00]} 2. c4 {[%emt 0:00:00]} e6 {[%emt 0:00:00]} 3. Nc3 {[%emt 0:00:00]} Bb4 {[%emt 0:00:00]} 4. Nf3 {[%emt 0:00:00]} c5 {[%emt 0:00:04]} 5. g3 {[%emt 0:00:12]} Nc6 {[%emt 0:00:08]} 6. Bg2 {[%emt 0:00:05]} Ne4 {[%emt 0:00:08]} 7. Qd3 {[%emt 0:00:28]} cxd4 {[%emt 0:17:34]} 8. Nxd4 {[%emt 0:00:10]} Nxc3 {[%emt 0:14:01]} 9. bxc3 {[%emt 0:03:33]} Ne5 {[%emt 0:00:36]} 10. Qc2 {[%emt 0:00:06]} Be7 {[%emt 0:01:55]} 11. Qb3 {[%emt 0:00:05]} a6 {[%emt 0:00:23]} 12. O-O {[%emt 0:06:18]} Qc7 {[%emt 0:04:22]} 13. Bf4 {[%emt 0:02:41]} f6 {[%emt 0:08:20]} 14. Nf3 {[%emt 0:08:10]} g5 {[%emt 0:22:27]} 15. Bxe5 {[%emt 0:01:57]} fxe5 {[%emt 0:00:06]} 16. Qc2 {[%emt 0:02:31]} Qxc4 {[%emt 0:04:25]} 17. Nxe5 {[%emt 0:00:09]} Qc5 {[%emt 0:07:07]} 18. Nd3 {[%emt 0:04:49]} Qa7 19. Qa4 {[%emt 0:00:51]} O-O {[%emt 0:08:06]} 20. Qg4 {[%emt 0:00:08]} d6 {[%emt 0:00:25]} 21. Kh1 {[%emt 0:00:28]} e5 {[%emt 0:00:57]} 22. Qc4+ {[%emt 0:00:34]} Kh8 {[%emt 0:02:18]} 23. f4 exf4 {[%emt 0:02:28]} 24. gxf4 {[%emt 0:04:27]} b5 {[%emt 0:05:29]} 25. Qd5 {[%emt 0:06:32]} Bg4 {[%emt 0:00:24]} 26. Rae1 {[%emt 0:04:04]} gxf4 {[%emt 0:00:35]} 27. h3 {[%emt 0:00:17]} Bf5 {[%emt 0:00:28]} 28. e4 {[%emt 0:00:20]} Bg6 {[%emt 0:00:37]} 29. Nxf4 {[%emt 0:00:09]} Qc5 {[%emt 0:00:28]} 30. Qe6 {[%emt 0:00:28]} Kg7 {[%emt 0:00:36]} 31. Qxe7+ {[%emt 0:00:07]} 1-0